000 00346nam a22001457a 4500
003 macl
005 20190710151314.0
008 190710b xxu||||| |||| 00| 0 eng d
040 _cmacl
100 _adhillon, SS
_975913
245 _aEnvironmental Science
260 _aDelhi
_bG S Pub
_c2017
650 _aEnvironment
_975914
942 _2ddc
_cBK
999 _c60520
_d60520